ბათუმის შოთა რუსთაველის სახელმწიფო უნივერსიტეტის ბიბლიოთეკა

The Basics of IT Audit: (ბიბ.ჩანაწერი № 61615)

000 -LEADER
fixed length control field 00551nam a22001697a 4500
005 - DATE AND TIME OF LATEST TRANSACTION
control field 20240401111757.0
008 - FIXED-LENGTH DATA ELEMENTS--GENERAL INFORMATION
fixed length control field 240401s2014 enk||||| |||| 00| 0 eng d
020 ## - INTERNATIONAL STANDARD BOOK NUMBER
International Standard Book Number 9780124171596X
041 ## - LANGUAGE CODE
Language code of text/sound track or separate title eng
080 ## - UNIVERSAL DECIMAL CLASSIFICATION NUMBER
Universal Decimal Classification number 657.2 G-17
100 ## - MAIN ENTRY--PERSONAL NAME
Personal name Gantz, Stephen D.
9 (RLIN) 21641
245 ## - TITLE STATEMENT
Title The Basics of IT Audit:
Remainder of title Purposes, Processes, and Practical Information /
Statement of responsibility, etc. Stephen D. Gantz.
264 ## - PRODUCTION, PUBLICATION, DISTRIBUTION, MANUFACTURE, AND COPYRIGHT NOTICE
Place of production, publication, distribution, manufacture Amsterdam :
Name of producer, publisher, distributor, manufacturer Syngress,
Date of production, publication, distribution, manufacture, or copyright notice 2014.
300 ## - PHYSICAL DESCRIPTION
Extent 244 p. :
Other physical details ill. ;
Dimensions 23 cm.
653 ## - INDEX TERM--UNCONTROLLED
keyword IT აუდიტის საფუძვლები
942 ## - ADDED ENTRY ELEMENTS (KOHA)
Source of classification or shelving scheme
Koha item type წიგნი
ეგზემპლარები
Withdrawn status Lost status Source of classification or shelving scheme Damaged status Not for loan Permanent Location Current Location Shelving location Date acquired Cost, normal purchase price Full call number Barcode Date last seen Copy number Price effective from Koha item type Public note
          ბათუმის შოთა რუსთაველის სახელმწიფო უნივერსიტეტის მთავარი ბიბლიოთეკა ბათუმის შოთა რუსთაველის სახელმწიფო უნივერსიტეტის მთავარი ბიბლიოთეკა წიგნსაცავი 2024-04-01 124.00 657.2 G-17 67754 2024-04-01 67754 2024-04-01 წიგნი 124 ლ.